How to be a happy cat / (Запис № 508462)

МАРК-запис
000 -LEADER
fixed length control field 01385cam a2200325 a 4500
001 - CONTROL NUMBER
control field howtobehappycat00plat
003 - CONTROL NUMBER IDENTIFIER
control field CaSfIA
005 - DATE AND TIME OF LATEST TRANSACTION
control field 20210118101204.0
007 - PHYSICAL DESCRIPTION FIXED FIELD--GENERAL INFORMATION
fixed length control field cr||||
008 - FIXED-LENGTH DATA ELEMENTS--GENERAL INFORMATION
fixed length control field 870209r1987uuuunjua 000 0 eng
010 ## - LIBRARY OF CONGRESS CONTROL NUMBER
LC control number 87005488
040 ## - CATALOGING SOURCE
Original cataloging agency DLC
Transcribing agency DLC
Modifying agency BTCTA
-- BAKER
-- YDXCP
-- CaSfIA
020 ## - INTERNATIONAL STANDARD BOOK NUMBER
International Standard Book Number 1555620191 (pbk.) :
Terms of availability $5.95
020 ## - INTERNATIONAL STANDARD BOOK NUMBER
International Standard Book Number 9781555620196 (pbk.)
035 ## - SYSTEM CONTROL NUMBER
System control number (OCoLC)15251776
050 00 - LIBRARY OF CONGRESS CALL NUMBER
Classification number PS3566.L2848
Item number H6 1987
082 00 - DEWEY DECIMAL CLASSIFICATION NUMBER
Classification number 818/.5402
Edition number 19
100 1# - MAIN ENTRY--PERSONAL NAME
Personal name Platt, Charles.
245 10 - TITLE STATEMENT
Title How to be a happy cat /
Medium [electronic resource]
Statement of responsibility, etc Charles Platt ; cartoons by Gray Jolliffe.
250 ## - EDITION STATEMENT
Edition statement 1st American ed.
260 ## - PUBLICATION, DISTRIBUTION, ETC. (IMPRINT)
Place of publication, distribution, etc Pittstown, NJ :
Name of publisher, distributor, etc Main Street Press,
Date of publication, distribution, etc 1987, c1986.
300 ## - PHYSICAL DESCRIPTION
Extent 94 p. :
Other physical details ill. ;
Dimensions 23 x 18 cm.
506 ## - RESTRICTIONS ON ACCESS NOTE
Standardized terminology for access restriction Необхідна авторизація на https://archive.org/ (створення облікового запису безкоштовно)
506 ## - RESTRICTIONS ON ACCESS NOTE
Standardized terminology for access restriction Необхідна авторизація на https://openlibrary.org/ (створення облікового запису безкоштовно)
650 #0 - SUBJECT ADDED ENTRY--TOPICAL TERM
Topical term or geographic name as entry element Cats
Form subdivision Humor.
700 1# - ADDED ENTRY--PERSONAL NAME
Personal name Jolliffe, Gray.
856 41 - ELECTRONIC LOCATION AND ACCESS
Uniform Resource Identifier <a href="http://www.archive.org/details/howtobehappycat00plat">http://www.archive.org/details/howtobehappycat00plat</a>
Public note Free eBook from the Internet Archive
856 42 - ELECTRONIC LOCATION AND ACCESS
Uniform Resource Identifier <a href="http://www.openlibrary.org/books/OL2377118M">http://www.openlibrary.org/books/OL2377118M</a>
Public note Additional information and access via Open Library
942 ## - ADDED ENTRY ELEMENTS (KOHA)
Koha item type ЕКнига

Немає доступних примірників.